[Event "BCF-ch Week2 PM op"]
[Site "Bournemouth"]
[Date "2016.08.05"]
[Round "5"]
[White "Tombolis, Christopher"]
[Black "Fleming, Andrew"]
[Result "0-1"]
[WhiteElo "1500"]
[BlackElo "1909"]
[PlyCount "126"]
[EventDate "2016.08.01"]
[EventType "swiss"]
[EventRounds "5"]
[EventCountry "ENG"]
[SourceTitle "CBM 173 Extra"]
[Source "ChessBase"]
[SourceDate "2016.08.29"]
[SourceVersion "1"]
[SourceVersionDate "2016.08.29"]
[SourceQuality "1"]

1. d4 e6 2. c4 Nf6 3. Nc3 d5 4. Nf3 Be7 5. Bf4 0-0 6. e3 b6 7. cxd5 exd5 8. Bd3 a6 9. Rc1 Bb7 10. Ne2 c5 11. 0-0 c4 12. Bb1 Nbd7 13. Ne5 Re8 14. Qc2 Nf8 15. Bg5 Ne4 16. Bxe7 Qxe7 17. Qd1 b5 18. Nc3 Nxc3 19. bxc3 f6 20. Nf3 Rad8 21. Nh4 g6 22. Qg4 Kh8 23. Qh3 Bc8 24. Qf3 Qg7 25. Qg3 Re7 26. Rce1 f5 27. f4 Nd7 28. Nf3 Qf6 29. Ne5 Nxe5 30. fxe5 Qb6 31. Qg5 Rde8 32. Qh6 Qa5 33. g4 Qxc3 34. gxf5 Bxf5 35. Bxf5 gxf5 36. Qf6+ Rg7+ 37. Kh1 Qc2 38. Qxg7+ Kxg7 39. Rg1+ Kf7 40. Rg2 Qe4 41. Kg1 Rg8 42. e6+ Qxe6 43. Rxg8 Kxg8 44. Kf2 Qe4 45. Rg1+ Kf7 46. Rg3 Qc2+ 47. Kf3 Qxh2 48. a4 Qxg3+ 49. Kxg3 c3 50. axb5 axb5 51. e4 fxe4 52. Kf4 c2 53. Ke5 c1Q 54. Kd6 Qc4 55. Ke5 e3 56. Kf4 Qxd4+ 57. Kf3 Qe4+ 58. Kg3 b4 59. Kh2 b3 60. Kg1 b2 61. Kh2 b1Q 62. Kg3 Qg1+ 63. Kh3 Qeg4# 0-1

[Event "Barcelona Sant Marti op-B 17th"]
[Site "Barcelona"]
[Date "2015.07.20"]
[Round "8"]
[White "Walter Travella, German"]
[Black "Fleming, Andrew"]
[Result "1-0"]
[WhiteElo "2028"]
[BlackElo "2012"]
[PlyCount "101"]
[EventDate "2015.07.13"]
[EventType "swiss"]
[EventRounds "9"]
[EventCountry "ESP"]
[SourceTitle "EXT 2016"]
[Source "ChessBase"]
[SourceDate "2015.10.08"]
[SourceVersion "1"]
[SourceVersionDate "2015.10.08"]
[SourceQuality "1"]

1. f4 Nf6 2. Nf3 g6 3. c4 c5 4. Nc3 Bg7 5. e4 d6 6. Be2 Nc6 7. 0-0 Bg4 8. h3 Bxf3 9. Bxf3 0-0 10. g3 Nd4 11. Bg2 e5 12. d3 Nh5 13. Kh2 exf4 14. gxf4 Qh4 15. Qg4 Qd8 16. Bd2 Rb8 17. Be1 Nc2 18. Bh4 Bf6 19. Bf2 Nxa1 20. Rxa1 Nxf4 21. Bf1 Be5 22. Bg3 Qf6 23. Kh1 h5 24. Qf3 Ne6 25. Qxf6 Bxf6 26. Bxd6 Rbd8 27. Bxf8 Kxf8 28. Nd5 Bd4 29. Re1 Rb8 30. Re2 b5 31. b3 b4 32. h4 Nd8 33. e5 Ne6 34. Bh3 Re8 35. Re4 Kg7 36. Bxe6 Rxe6 37. Nxb4 Bxe5 38. Nc6 Bg3 39. Rxe6 fxe6 40. Nxa7 Bxh4 41. Nc6 Kf7 42. a4 Ke8 43. a5 Kd7 44. Ne5+ Kc7 45. Nxg6 Be1 46. Nf4 h4 47. Nxe6+ Kc6 48. a6 Kb6 49. Nxc5 Bb4 50. d4 Ba3 51. Kg2 1-0

[Event "Barcelona Sant Marti op-B 17th"]
[Site "Barcelona"]
[Date "2015.07.18"]
[Round "6"]
[White "Willen, Ronny"]
[Black "Fleming, Andrew"]
[Result "1/2-1/2"]
[WhiteElo "1950"]
[BlackElo "2012"]
[PlyCount "83"]
[EventDate "2015.07.13"]
[EventType "swiss"]
[EventRounds "9"]
[EventCountry "ESP"]
[SourceTitle "EXT 2016"]
[Source "ChessBase"]
[SourceDate "2015.10.08"]
[SourceVersion "1"]
[SourceVersionDate "2015.10.08"]
[SourceQuality "1"]

1. e4 e6 2. d4 d5 3. Nc3 Bb4 4. exd5 exd5 5. Bd3 Nf6 6. Nge2 c6 7. 0-0 0-0 8. Bg5 h6 9. Bh4 Be7 10. Re1 Re8 11. Bg3 Nbd7 12. f3 Nh5 13. Bf2 Bd6 14. Qd2 Qc7 15. g3 Nf8 16. Kg2 Bd7 17. Be3 Re7 18. g4 Rae8 19. Bxh6 gxh6 20. gxh5 Bf4 21. Nxf4 Rxe1 22. Rxe1 Rxe1 23. Qxe1 Qxf4 24. Qg3+ Qg5 25. f4 Qxg3+ 26. Kxg3 f5 27. Nd1 Kf7 28. Ne3 Kf6 29. c3 Be6 30. b4 b5 31. Bc2 Nd7 32. Nf1 Bf7 33. Kh4 Nf8 34. Ne3 Be6 35. Bd1 Nd7 36. Kg3 Nb6 37. Bb3 Bf7 38. Kh4 Nc8 39. Bc2 Nd6 40. Bd3 Be6 41. Kg3 Bf7 42. Kh4 1/2-1/2

[Event "Hastings Masters op 90th"]
[Site "Hastings"]
[Date "2015.01.06"]
[Round "9"]
[White "Fleming, Andrew"]
[Black "French, Max"]
[Result "1-0"]
[WhiteElo "1928"]
[BlackElo "1763"]
[PlyCount "59"]
[EventDate "2014.12.29"]
[EventType "swiss"]
[EventRounds "9"]
[EventCountry "ENG"]
[SourceTitle "CBM 164 Extra"]
[Source "ChessBase"]
[SourceDate "2015.03.02"]
[SourceVersion "1"]
[SourceVersionDate "2015.03.02"]
[SourceQuality "1"]

1. Nf3 Nf6 2. g3 b6 3. Bg2 Bb7 4. 0-0 e6 5. d4 c5 6. c3 Be7 7. Nbd2 0-0 8. Re1 d5 9. Ne5 Nbd7 10. Ndf3 Nxe5 11. Nxe5 Nd7 12. Bf4 Nxe5 13. dxe5 Bg5 14. Qd2 Bxf4 15. Qxf4 Qd7 16. Rad1 Qb5 17. Rd2 Qa5 18. a3 Rfd8 19. c4 Rab8 20. cxd5 Bxd5 21. Red1 b5 22. Bxd5 exd5 23. Rxd5 Rxd5 24. Rxd5 Qe1+ 25. Kg2 Qxe2 26. e6 Rf8 27. exf7+ Kh8 28. Re5 Qd3 29. Re8 Qd5+ 30. f3 1-0

[Event "Hastings Masters op 90th"]
[Site "Hastings"]
[Date "2015.01.01"]
[Round "4"]
[White "Fleming, Andrew"]
[Black "Froewis, Annika"]
[Result "1/2-1/2"]
[WhiteElo "1928"]
[BlackElo "2036"]
[PlyCount "116"]
[EventDate "2014.12.29"]
[EventType "swiss"]
[EventRounds "9"]
[EventCountry "ENG"]
[SourceTitle "CBM 164 Extra"]
[Source "ChessBase"]
[SourceDate "2015.03.02"]
[SourceVersion "1"]
[SourceVersionDate "2015.03.02"]
[SourceQuality "1"]

1. d4 d5 2. Nf3 Nf6 3. c4 e6 4. Nc3 c6 5. cxd5 exd5 6. Bg5 Be7 7. Qc2 0-0 8. e3 Re8 9. Bd3 Nbd7 10. 0-0 Nf8 11. Ne5 g6 12. f3 Ne6 13. Bh4 Ng7 14. Bf2 Bd6 15. f4 Ng4 16. e4 Nxf2 17. Qxf2 f6 18. exd5 fxe5 19. fxe5 Bb4 20. Ne4 Kh8 21. Nf6 Rf8 22. Qh4 Nh5 23. g4 Bxg4 24. Qxg4 Nxf6 25. exf6 Qxd5 26. Rad1 Rae8 27. Qh4 Rf7 28. b3 b5 29. Rf2 Qh5 30. Qxh5 gxh5 31. Rf5 Rg8+ 32. Kh1 Rg6 33. Rdf1 h6 34. h3 Rg3 35. Be4 Rxh3+ 36. Kg2 Re3 37. Bxc6 a6 38. Bd5 Rd7 39. f7 Bf8 40. Kf2 Rde7 41. Bf3 Rd3 42. Rg1 Rd2+ 43. Kg3 Rxd4 44. Kh3 Kh7 45. Rg8 Rd8 46. Bxh5 Re3+ 47. Kg4 Re4+ 48. Kf3 Re6 49. Re5 Rc6 50. Re8 Rf6+ 51. Ke4 Rxf7 52. Rxd8 Re7+ 53. Kf5 Kxg8 54. Ra8 Rd7 55. Ke6 Rd6+ 56. Ke5 Rc6 57. Bf3 Rb6 58. Ra7 Bb4 1/2-1/2

[Event "Budapest FS08 FM-B"]
[Site "Budapest"]
[Date "2008.08.12"]
[Round "11"]
[White "Fleming, Andrew"]
[Black "Nyland, Thomas"]
[Result "1/2-1/2"]
[WhiteElo "2041"]
[BlackElo "2107"]
[PlyCount "30"]
[EventDate "2008.08.02"]
[EventType "tourn"]
[EventRounds "11"]
[EventCountry "HUN"]
[SourceTitle "CBM 125 Extra"]
[Source "ChessBase"]
[SourceDate "2008.09.01"]
[SourceVersion "1"]
[SourceVersionDate "2008.09.01"]
[SourceQuality "1"]

1. e4 e5 2. Nf3 Nc6 3. c3 Nf6 4. d4 exd4 5. e5 Nd5 6. cxd4 Bb4+ 7. Bd2 Bxd2+ 8. Nbxd2 0-0 9. Qb3 Nf4 10. g3 Ng6 11. h4 h5 12. Bd3 Kh8 13. Ne4 Qe7 14. 0-0-0 d6 15. exd6 cxd6 1/2-1/2

[Event "Budapest FS08 FM-B"]
[Site "Budapest"]
[Date "2008.08.08"]
[Round "7"]
[White "Fleming, Andrew"]
[Black "Surinya, Tibor"]
[Result "1-0"]
[WhiteElo "2041"]
[BlackElo "2049"]
[PlyCount "41"]
[EventDate "2008.08.02"]
[EventType "tourn"]
[EventRounds "11"]
[EventCountry "HUN"]
[SourceTitle "CBM 125 Extra"]
[Source "ChessBase"]
[SourceDate "2008.09.01"]
[SourceVersion "1"]
[SourceVersionDate "2008.09.01"]
[SourceQuality "1"]

1. e4 c5 2. Nc3 Nc6 3. Bc4 g6 4. f4 Bg7 5. Nf3 e6 6. d3 Nge7 7. a4 d5 8. Ba2 0-0 9. 0-0 b6 10. Kh1 Bb7 11. e5 h5 12. Ne2 d4 13. Ng3 Nb4 14. Bb3 a6 15. Ng5 b5 16. Nxh5 Nf5 17. Nxg7 Nxg7 18. Bd2 Qb6 19. Qg4 Qc6 20. Bxb4 cxb4 21. Rf3 1-0

[Event "Budapest FS08 FM-B"]
[Site "Budapest"]
[Date "2008.08.05"]
[Round "4"]
[White "Bodrogi, Laszlo"]
[Black "Fleming, Andrew"]
[Result "0-1"]
[WhiteElo "2104"]
[BlackElo "2041"]
[PlyCount "64"]
[EventDate "2008.08.02"]
[EventType "tourn"]
[EventRounds "11"]
[EventCountry "HUN"]
[SourceTitle "CBM 125 Extra"]
[Source "ChessBase"]
[SourceDate "2008.09.01"]
[SourceVersion "1"]
[SourceVersionDate "2008.09.01"]
[SourceQuality "1"]

1. d4 e6 2. e4 d5 3. Nc3 Bb4 4. e5 c5 5. a3 cxd4 6. axb4 dxc3 7. bxc3 Qc7 8. Nf3 Nc6 9. Bf4 Nge7 10. Bb5 0-0 11. Bg3 Nf5 12. Qd3 Bd7 13. Kd2 d4 14. Bxc6 dxc3+ 15. Qxc3 Bxc6 16. Rhd1 Qb6 17. Ke1 Rac8 18. Qc5 Qxc5 19. bxc5 a6 20. Ra5 Bb5 21. Nd2 Rxc5 22. c4 Nxg3 23. hxg3 b6 24. Raa1 Bxc4 25. Nxc4 Rxc4 26. Rxa6 b5 27. Rd7 Re4+ 28. Kf1 Rxe5 29. Rb6 h6 30. Rdb7 Ra8 31. f4 Re3 32. Kf2 Rd3 0-1

[Event "Budapest FS08 FM-B"]
[Site "Budapest"]
[Date "2008.08.04"]
[Round "3"]
[White "Eisenbeiser, Karlheinz"]
[Black "Fleming, Andrew"]
[Result "1-0"]
[WhiteElo "2034"]
[BlackElo "2041"]
[PlyCount "45"]
[EventDate "2008.08.02"]
[EventType "tourn"]
[EventRounds "11"]
[EventCountry "HUN"]
[SourceTitle "CBM 125 Extra"]
[Source "ChessBase"]
[SourceDate "2008.09.01"]
[SourceVersion "1"]
[SourceVersionDate "2008.09.01"]
[SourceQuality "1"]

1. b3 Nf6 2. Bb2 e6 3. g3 d5 4. Bg2 c5 5. e3 Be7 6. Ne2 Nc6 7. d3 0-0 8. 0-0 Qc7 9. h3 e5 10. Nd2 a6 11. f4 Bd6 12. f5 d4 13. e4 b5 14. g4 h6 15. Ng3 Rb8 16. h4 Nh7 17. Nf3 g5 18. hxg5 hxg5 19. Bc1 f6 20. Kf2 c4 21. Bd2 Qe7 22. Rh1 Rf7 23. Rh6 1-0

[Event "Dublin-ch"]
[Site "Dublin"]
[Date "2007.09.02"]
[Round "6"]
[White "Fleming, Andrew"]
[Black "Stejskal, Drahoslav"]
[Result "1/2-1/2"]
[WhiteElo "2043"]
[BlackElo "2023"]
[PlyCount "100"]
[EventDate "2007.08.31"]
[EventType "swiss"]
[EventRounds "6"]
[EventCountry "IRL"]
[SourceTitle "EXT 2010"]
[Source "ChessBase"]
[SourceDate "2010.11.25"]
[SourceVersion "1"]
[SourceVersionDate "2010.11.25"]
[SourceQuality "1"]

1. e4 c5 2. Nc3 e6 3. Bc4 Nf6 4. e5 d5 5. exf6 dxc4 6. fxg7 Bxg7 7. Qg4 Qd4 8. Qxd4 cxd4 9. Nb5 Kd7 10. Na3 c3 11. bxc3 dxc3 12. d3 Nc6 13. Ne2 b6 14. 0-0 Bb7 15. Rb1 Rab8 16. g3 Ne5 17. Nd4 Ke7 18. Nab5 Rbd8 19. Ba3+ Kf6 20. f4 Ng4 21. Nf3 Ne3 22. Rf2 Ng4 23. Rff1 Ne3 24. Rf2 Bxf3 25. Rxf3 Nxc2 26. Bd6 Kg6 27. Be5 Bxe5 28. fxe5 Nd4 29. Rf6+ Kg7 30. Nxc3 Nc6 31. d4 Rxd4 32. Rbf1 Nxe5 33. Nb5 Rd7 34. R6f4 Rc8 35. Ra4 Rc2 36. Rf2 Rdd2 37. Rxd2 Rxd2 38. Rxa7 Nf3+ 39. Kf1 Nxh2+ 40. Ke1 Nf3+ 41. Kf1 Kg6 42. Nc3 Nh2+ 43. Ke1 Nf3+ 44. Kf1 f5 45. Ra6 Nh2+ 46. Ke1 Nf3+ 47. Kf1 Rb2 48. Ne2 e5 49. a4 Kg5 50. Ra7 h6 1/2-1/2

[Event "Dublin-ch"]
[Site "Dublin"]
[Date "2007.09.01"]
[Round "4"]
[White "Fleming, Andrew"]
[Black "Hogarty, Philip"]
[Result "1-0"]
[WhiteElo "2043"]
[BlackElo "1944"]
[PlyCount "78"]
[EventDate "2007.08.31"]
[EventType "swiss"]
[EventRounds "6"]
[EventCountry "IRL"]
[SourceTitle "EXT 2010"]
[Source "ChessBase"]
[SourceDate "2010.11.25"]
[SourceVersion "1"]
[SourceVersionDate "2010.11.25"]
[SourceQuality "1"]

1. e4 c5 2. Nc3 e6 3. Bc4 a6 4. a4 Nc6 5. f4 g6 6. Nf3 Bg7 7. f5 Nge7 8. fxe6 dxe6 9. d3 Ne5 10. Bb3 N5c6 11. 0-0 Nd4 12. Nxd4 Qxd4+ 13. Kh1 b6 14. Qe2 Qd7 15. Be3 Nc6 16. Qf2 Nd4 17. Bc4 Bb7 18. Rac1 Nc6 19. Bg5 h6 20. Bf6 Bxf6 21. Qxf6 0-0 22. Qh4 Kg7 23. Rf6 Ne5 24. Bb3 h5 25. Rcf1 Ng4 26. R6f3 Qd8 27. Qg3 Qb8 28. h3 Qxg3 29. Rxg3 Ne5 30. Rg5 Nc6 31. Ne2 Rad8 32. Bc4 Nd4 33. Nxd4 Rxd4 34. Rg3 a5 35. c3 Rdd8 36. Rgf3 Bc6 37. Bb3 Bb7 38. Kh2 Rd6 39. Bc2 f5 1-0

[Event "Voronezh op-B 11th"]
[Site "Voronezh"]
[Date "2007.06.18"]
[Round "6"]
[White "Ulanov, Sergei"]
[Black "Fleming, Andrew"]
[Result "1-0"]
[WhiteElo "2225"]
[BlackElo "2043"]
[PlyCount "52"]
[EventDate "2007.06.12"]
[EventType "swiss"]
[EventRounds "9"]
[EventCountry "RUS"]
[SourceTitle "EXT 2010"]
[Source "ChessBase"]
[SourceDate "2010.11.25"]
[SourceVersion "1"]
[SourceVersionDate "2010.11.25"]
[SourceQuality "1"]

1. d4 e6 2. Nf3 Nf6 3. Bg5 Be7 4. e3 d5 5. Bd3 b6 6. Ne5 0-0 7. Nd2 c5 8. c3 Bb7 9. Qc2 h6 10. Bh4 c4 11. Be2 b5 12. f4 Ne4 13. Bxe7 Qxe7 14. Nxe4 dxe4 15. 0-0 Nd7 16. Nxd7 Qxd7 17. Kh1 f5 18. g4 Rf7 19. Rg1 Rc8 20. Rg3 Kf8 21. Rag1 Ke7 22. gxf5 exf5 23. Bh5 g6 24. Rxg6 Qd5 25. Rxh6 Rf6 26. Rg7+ Kf8 1-0